[Event "Helsinki HSL Easter op"]
[Site "Helsinki"]
[Date "2019.04.19"]
[Round "1"]
[White "Linnossuo, Lauri"]
[Black "Skrjabin, Igor"]
[Result "0-1"]
[WhiteElo "1610"]
[BlackElo "1910"]
[PlyCount "52"]
[EventDate "2019.04.19"]
[EventType "swiss"]
[EventRounds "6"]
[EventCountry "FIN"]
[SourceTitle "CBM 195 Extra"]
[Source "ChessBase"]
[SourceDate "2020.05.31"]
[SourceVersion "1"]
[SourceVersionDate "2020.05.31"]
[SourceQuality "1"]

1. e4 e5 2. Bc4 Nc6 3. Nf3 Bc5 4. c3 Nf6 5. d3 a6 6. a4 d6 7. h3 h6 8. Be3 Bxe3 9. fxe3 0-0 10. 0-0 Ne7 11. Na3 Ng6 12. Nc2 c6 13. Bb3 d5 14. exd5 cxd5 15. Nd2 Be6 16. Qe2 Rc8 17. Rac1 Qb6 18. Nb4 a5 19. Nc2 Nf4 20. Rxf4 exf4 21. Nd4 fxe3 22. Qxe3 Rce8 23. Qf3 Re7 24. Kh1 Rfe8 25. Re1 Bg4 26. Rxe7 Bxf3 0-1

[Event "Tampere Kari Hyotylan A"]
[Site "Tampere"]
[Date "2016.11.20"]
[Round "4"]
[White "Skrjabin, Igor"]
[Black "Mikkonen, Harri"]
[Result "1-0"]
[WhiteElo "2021"]
[BlackElo "1978"]
[PlyCount "99"]
[EventDate "2016.11.19"]
[EventType "swiss"]
[EventRounds "5"]
[EventCountry "FIN"]
[SourceTitle "EXT 2022"]
[Source "ChessBase"]
[SourceDate "2021.10.06"]
[SourceVersion "1"]
[SourceVersionDate "2021.10.06"]
[SourceQuality "1"]

1. e4 c5 2. c3 Nf6 3. e5 Nd5 4. Nf3 Nc6 5. Bc4 Nb6 6. Bb3 d5 7. d4 cxd4 8. cxd4 Bg4 9. Nc3 e6 10. Be3 Bb4 11. 0-0 0-0 12. Bc2 Be7 13. Ne2 Nc4 14. Bc1 f6 15. b3 Nb6 16. Qd3 g6 17. a3 Bxf3 18. Qxf3 fxe5 19. Qg4 Qe8 20. Qxe6+ Qf7 21. Qxf7+ Rxf7 22. dxe5 Nxe5 23. Bb2 Bf6 24. Nd4 Rc8 25. Rad1 Nc6 26. Bb1 Nxd4 27. Bxd4 Bxd4 28. Rxd4 Rc3 29. Rb4 Rd7 30. a4 d4 31. a5 Nc8 32. Rc4 Rxc4 33. bxc4 Rc7 34. Rd1 Rd7 35. Be4 Ne7 36. Kf1 Nc6 37. a6 Na5 38. axb7 Nxb7 39. Bd5+ Kf8 40. Rxd4 Nc5 41. Rd1 a5 42. Ra1 a4 43. Ra3 Ke7 44. f4 Kd6 45. Kf2 Rc7 46. Ke3 Re7+ 47. Kd2 Ne4+ 48. Bxe4 Rxe4 49. Rxa4 Rxf4 50. c5+ 1-0

[Event "Tampere Kari Hyotylan A"]
[Site "Tampere"]
[Date "2016.11.19"]
[Round "3"]
[White "Luukkonen, Tommi"]
[Black "Skrjabin, Igor"]
[Result "1-0"]
[WhiteElo "2333"]
[BlackElo "2021"]
[PlyCount "31"]
[EventDate "2016.11.19"]
[EventType "swiss"]
[EventRounds "5"]
[EventCountry "FIN"]
[SourceTitle "EXT 2022"]
[Source "ChessBase"]
[SourceDate "2021.10.06"]
[SourceVersion "1"]
[SourceVersionDate "2021.10.06"]
[SourceQuality "1"]

1. e4 g6 2. d4 d6 3. Nf3 Bg7 4. Bc4 Nd7 5. Bxf7+ Kxf7 6. Ng5+ Ke8 7. Ne6 Ngf6 8. Nxd8 Kxd8 9. e5 Ne8 10. f4 e6 11. Nc3 a6 12. f5 Nb6 13. Bg5+ Kd7 14. fxe6+ Kxe6 15. 0-0 d5 16. Qg4# 1-0

[Event "Kurikka We KurVi A"]
[Site "Kurikka"]
[Date "2016.05.22"]
[Round "4"]
[White "Panttila, Ville Veikko"]
[Black "Skrjabin, Igor"]
[Result "1-0"]
[WhiteElo "2012"]
[BlackElo "2023"]
[PlyCount "61"]
[EventDate "2016.05.21"]
[EventType "swiss"]
[EventRounds "5"]
[EventCountry "FIN"]
[SourceTitle "EXT 2022"]
[Source "ChessBase"]
[SourceDate "2021.10.06"]
[SourceVersion "1"]
[SourceVersionDate "2021.10.06"]
[SourceQuality "1"]

1. d4 d5 2. c4 c5 3. cxd5 Qxd5 4. Nf3 cxd4 5. Nc3 Qa5 6. Nxd4 e5 7. Nb3 Qc7 8. Nd5 Qd8 9. e4 Nc6 10. Bc4 Be6 11. 0-0 Nf6 12. Bg5 Be7 13. Bxf6 Bxf6 14. Nc5 Bc8 15. Qb3 0-0 16. Nxb7 Bxb7 17. Qxb7 Na5 18. Qa6 Nxc4 19. Qxc4 Rb8 20. b4 Qd7 21. a4 Rfc8 22. Qd3 Qe6 23. a5 Be7 24. Rfb1 Bf8 25. g3 Qc6 26. b5 Qc4 27. Qxc4 Rxc4 28. b6 axb6 29. a6 Bc5 30. a7 Ra8 31. Rxb6 1-0

[Event "Helsinki We HSK:n XVII syys"]
[Site "Helsinki"]
[Date "2015.08.23"]
[Round "4"]
[White "Skrjabin, Igor"]
[Black "Tiilikainen, Mikko"]
[Result "1-0"]
[WhiteElo "2065"]
[BlackElo "1932"]
[PlyCount "59"]
[EventDate "2015.08.21"]
[EventType "swiss"]
[EventRounds "5"]
[EventCountry "FIN"]
[SourceTitle "EXT 2022"]
[Source "ChessBase"]
[SourceDate "2021.10.06"]
[SourceVersion "1"]
[SourceVersionDate "2021.10.06"]
[SourceQuality "1"]

1. e4 d6 2. d4 Nf6 3. Nc3 Nbd7 4. f4 e5 5. Nf3 exd4 6. Nxd4 Nc5 7. Bd3 Bg4 8. Nf3 Nxd3+ 9. cxd3 d5 10. e5 Nh5 11. 0-0 Bc5+ 12. d4 Bb6 13. Be3 g6 14. h3 Be6 15. f5 gxf5 16. Ng5 Ng7 17. a4 a6 18. a5 Ba7 19. Ne2 Qd7 20. Nf4 0-0-0 21. Qb3 Qb5 22. Qxb5 axb5 23. Nfxe6 fxe6 24. Nf7 Nh5 25. Nxh8 Rxh8 26. a6 Ng3 27. Rfd1 Rg8 28. Kh2 Ne4 29. Rf1 bxa6 30. Rxa6 1-0

[Event "Pori We PSY"]
[Site "Pori"]
[Date "2014.10.12"]
[Round "5"]
[White "Skrjabin, Igor"]
[Black "Nevanlinna, Risto"]
[Result "0-1"]
[WhiteElo "2054"]
[BlackElo "2231"]
[PlyCount "56"]
[EventDate "2014.10.11"]
[EventType "swiss"]
[EventRounds "5"]
[EventCountry "FIN"]
[SourceTitle "EXT 2022"]
[Source "ChessBase"]
[SourceDate "2021.10.06"]
[SourceVersion "1"]
[SourceVersionDate "2021.10.06"]
[SourceQuality "1"]

1. e4 c5 2. a3 d5 3. exd5 Nf6 4. b4 cxb4 5. axb4 Nxd5 6. Bb2 Nxb4 7. Nf3 Bf5 8. Na3 N8c6 9. Bb5 a6 10. Bxc6+ Nxc6 11. 0-0 e6 12. Nc4 Qc7 13. Re1 Bc5 14. Bxg7 Rg8 15. Bf6 Bh3 16. Ng5 Qf4 17. Nxh3 Qxf6 18. Qh5 Be7 19. Rab1 0-0-0 20. Rb3 Nd4 21. Rg3 Kb8 22. Qxh7 Ne2+ 23. Kf1 Nxg3+ 24. hxg3 Rxg3 25. Qe4 Rd4 26. Qe5+ Qxe5 27. Nxe5 Rg7 28. Rb1 Rb4 0-1

[Event "Hameenlinna We HamSK"]
[Site "Hameenlinna"]
[Date "2013.??.??"]
[Round "2"]
[White "Koykka, Pekka"]
[Black "Skrjabin, Igor"]
[Result "1-0"]
[WhiteElo "2274"]
[BlackElo "2053"]
[PlyCount "39"]
[EventDate "2013.??.??"]
[EventType "swiss"]
[EventRounds "5"]
[EventCountry "FIN"]
[SourceTitle "EXT 2022"]
[Source "ChessBase"]
[SourceDate "2021.10.06"]
[SourceVersion "1"]
[SourceVersionDate "2021.10.06"]
[SourceQuality "1"]

1. d4 d5 2. c4 c6 3. Nf3 Nf6 4. Qb3 dxc4 5. Qxc4 Bf5 6. Nc3 e6 7. g3 Be7 8. Bg2 Nbd7 9. 0-0 0-0 10. Re1 Nb6 11. Qb3 Ne4 12. a4 a5 13. Nh4 Bxh4 14. gxh4 Nxc3 15. bxc3 Qc7 16. e4 Bg6 17. Rb1 Nd5 18. exd5 Bxb1 19. d6 Qxd6 20. Ba3 1-0

[Event "Kajaani We KaSY"]
[Site "Kajaani"]
[Date "2013.??.??"]
[Round "2"]
[White "Skrjabin, Igor"]
[Black "Hintikka, Eero"]
[Result "1-0"]
[WhiteElo "2053"]
[BlackElo "2097"]
[PlyCount "57"]
[EventDate "2013.??.??"]
[EventType "swiss"]
[EventRounds "5"]
[EventCountry "FIN"]
[SourceTitle "EXT 2022"]
[Source "ChessBase"]
[SourceDate "2021.10.06"]
[SourceVersion "1"]
[SourceVersionDate "2021.10.06"]
[SourceQuality "1"]

1. e4 c6 2. d4 d5 3. f3 e5 4. dxe5 Bc5 5. Bd3 Qb6 6. Ne2 dxe4 7. Bxe4 Ne7 8. Nbc3 Bf5 9. Na4 Qa5+ 10. c3 Bxe4 11. fxe4 Bb6 12. Nxb6 axb6 13. Qd6 Nd7 14. Bf4 Nf8 15. 0-0 Ne6 16. b4 Qa4 17. Nd4 Rd8 18. Nxe6 Rxd6 19. Nxg7+ Kd7 20. exd6 Ng6 21. Bg3 Rf8 22. e5 Qc2 23. Rxf7+ Rxf7 24. e6+ Kd8 25. exf7 Qxc3 26. Ne6+ Kd7 27. f8N+ Nxf8 28. Nxf8+ Ke8 29. d7+ 1-0

[Event "Kajaani We KaSY"]
[Site "Kajaani"]
[Date "2013.??.??"]
[Round "4"]
[White "Skrjabin, Igor"]
[Black "Jylha Ollila, Kaarlo"]
[Result "1-0"]
[WhiteElo "2053"]
[BlackElo "1721"]
[PlyCount "47"]
[EventDate "2013.??.??"]
[EventType "swiss"]
[EventRounds "5"]
[EventCountry "FIN"]
[SourceTitle "EXT 2022"]
[Source "ChessBase"]
[SourceDate "2021.10.06"]
[SourceVersion "1"]
[SourceVersionDate "2021.10.06"]
[SourceQuality "1"]

1. e4 e5 2. Nf3 Nc6 3. Bc4 d6 4. d4 h6 5. 0-0 Bd7 6. Nc3 Nf6 7. Be3 Na5 8. Bd3 Nc6 9. Nd5 Bg4 10. c3 Nxd5 11. exd5 e4 12. Bxe4 Qe7 13. Bd3 Nd8 14. Re1 Kd7 15. Ne5+ dxe5 16. Qxg4+ Ke8 17. dxe5 g5 18. e6 fxe6 19. dxe6 Nc6 20. Bg6+ Kd8 21. Rad1+ Kc8 22. Bc5 Qxc5 23. e7+ Kb8 24. Rd8+ 1-0

[Event "Ylivieska We Shakkilaakso"]
[Site "Ylivieska"]
[Date "2013.??.??"]
[Round "2"]
[White "Skrjabin, Igor"]
[Black "Valli, Frans"]
[Result "0-1"]
[WhiteElo "2053"]
[BlackElo "2240"]
[PlyCount "44"]
[EventDate "2013.??.??"]
[EventType "swiss"]
[EventRounds "5"]
[EventCountry "FIN"]
[SourceTitle "EXT 2022"]
[Source "ChessBase"]
[SourceDate "2021.10.06"]
[SourceVersion "1"]
[SourceVersionDate "2021.10.06"]
[SourceQuality "1"]

1. e4 d5 2. exd5 Qxd5 3. Nc3 Qd6 4. d4 Nf6 5. Nf3 c6 6. g3 Bf5 7. Bg2 h6 8. 0-0 e6 9. Bf4 Qd8 10. Re1 Be7 11. Ne5 0-0 12. Qd2 Nbd7 13. Rad1 Nd5 14. Nxd5 cxd5 15. c4 Nf6 16. c5 a5 17. f3 Nd7 18. Bf1 Nxe5 19. dxe5 Bxc5+ 20. Be3 Bb4 21. Qf2 Bxe1 22. Qxe1 Qc7 0-1

[Event "Lappeenranta We LprSK"]
[Site "Lappeenranta"]
[Date "2012.06.10"]
[Round "5"]
[White "Skrjabin, Igor"]
[Black "Vilppolainen, Markku"]
[Result "1-0"]
[WhiteElo "2053"]
[BlackElo "2048"]
[PlyCount "92"]
[EventDate "2012.06.08"]
[EventType "swiss"]
[EventRounds "5"]
[EventCountry "FIN"]
[SourceTitle "EXT 2022"]
[Source "ChessBase"]
[SourceDate "2021.10.06"]
[SourceVersion "1"]
[SourceVersionDate "2021.10.06"]
[SourceQuality "1"]

1. e4 e5 2. Nf3 Nc6 3. Bc4 Be7 4. 0-0 Nf6 5. d3 0-0 6. a3 d6 7. h3 Be6 8. Bxe6 fxe6 9. Nc3 Qe8 10. Be3 Nh5 11. d4 Rxf3 12. Qxf3 exd4 13. Nb5 Ne5 14. Qe2 dxe3 15. Nxc7 Qg6 16. f4 Rf8 17. fxe5 Nf4 18. Qg4 Qxg4 19. hxg4 dxe5 20. g3 Rc8 21. gxf4 Rxc7 22. c3 exf4 23. Kg2 Bh4 24. Kf3 Rd7 25. Rfd1 Rd2 26. Rxd2 exd2 27. Rd1 Be1 28. Kxf4 Kf7 29. c4 Ke7 30. c5 h6 31. b4 a6 32. a4 Bh4 33. e5 Be1 34. b5 axb5 35. axb5 Kd7 36. Ke4 g6 37. Ke3 Kc7 38. Ke2 Kc8 39. Ra1 Kb8 40. Ra3 Bf2 41. Kxd2 Bxc5 42. Rf3 Bd4 43. Rf6 Bxe5 44. Rxg6 Bf4+ 45. Kd3 e5 46. b6 Kc8 1-0

[Event "Salo We SalSK"]
[Site "Salo"]
[Date "2012.??.??"]
[Round "4"]
[White "Auvinen, Esa"]
[Black "Skrjabin, Igor"]
[Result "1/2-1/2"]
[WhiteElo "1932"]
[BlackElo "2053"]
[PlyCount "26"]
[EventDate "2012.??.??"]
[EventType "swiss"]
[EventRounds "5"]
[EventCountry "FIN"]
[SourceTitle "EXT 2022"]
[Source "ChessBase"]
[SourceDate "2021.10.06"]
[SourceVersion "1"]
[SourceVersionDate "2021.10.06"]
[SourceQuality "1"]

1. e4 e5 2. Nf3 Nf6 3. Nc3 Nc6 4. d4 exd4 5. Nxd4 Be7 6. Nxc6 dxc6 7. Qxd8+ Bxd8 8. Bc4 0-0 9. f3 Re8 10. 0-0 b6 11. Bf4 Nh5 12. Be3 Nf6 13. a4 a5 1/2-1/2

[Event "Seinajoki We SeinSK"]
[Site "Seinajoki"]
[Date "2012.??.??"]
[Round "2"]
[White "Skrjabin, Igor"]
[Black "Elomaa, Arto"]
[Result "1/2-1/2"]
[WhiteElo "2053"]
[BlackElo "1990"]
[PlyCount "123"]
[EventDate "2012.??.??"]
[EventType "swiss"]
[EventRounds "5"]
[EventCountry "FIN"]
[SourceTitle "EXT 2022"]
[Source "ChessBase"]
[SourceDate "2021.10.06"]
[SourceVersion "1"]
[SourceVersionDate "2021.10.06"]
[SourceQuality "1"]

1. e4 Nf6 2. e5 Nd5 3. d4 d6 4. Nf3 Bg4 5. h3 Bh5 6. c3 Nc6 7. Qb3 Nb6 8. e6 fxe6 9. Ng5 d5 10. Nxe6 Qd6 11. Nf4 Bf7 12. Bb5 e5 13. Nd3 exd4 14. cxd4 0-0-0 15. Bxc6 Qxc6 16. 0-0 Bd6 17. Nc3 Bg6 18. Nb5 Qc4 19. Rd1 Bxd3 20. Rxd3 a6 21. Nxd6+ Rxd6 22. Bf4 Qxb3 23. axb3 Re6 24. Rc1 c6 25. Be5 Rg8 26. f4 Nd7 27. Re3 Nf6 28. f5 Re7 29. g4 Ne4 30. Kg2 g6 31. fxg6 Rxg6 32. Rf1 Kd7 33. Rf5 Ke6 34. Ref3 Rg8 35. Bg3 Rgg7 36. Re5+ Kd7 37. Rff5 Ref7 38. Rxf7+ Rxf7 39. Be1 Re7 40. Rxe7+ Kxe7 41. Kf3 Ng5+ 42. Kg3 Kf6 43. h4 Ne6 44. Bf2 Kg6 45. Be3 h5 46. Kf3 a5 47. Bf2 b6 48. Bg1 c5 49. dxc5 bxc5 50. gxh5+ Kxh5 51. Bf2 Kg6 52. Ke3 Nd4 53. Kf4 Nxb3 54. Ke5 d4 55. Kd5 Kf5 56. Kc4 a4 57. Kb5 Ke4 58. Kxa4 Na1 59. Be1 Nc2 60. Bd2 Ne3 61. h5 Nf5 62. h6 1/2-1/2

[Event "Salo We SalSK"]
[Site "Salo"]
[Date "2012.??.??"]
[Round "5"]
[White "Skrjabin, Igor"]
[Black "Valkama, Eero"]
[Result "1-0"]
[WhiteElo "2053"]
[BlackElo "1807"]
[PlyCount "91"]
[EventDate "2012.??.??"]
[EventType "swiss"]
[EventRounds "5"]
[EventCountry "FIN"]
[SourceTitle "EXT 2022"]
[Source "ChessBase"]
[SourceDate "2021.10.06"]
[SourceVersion "1"]
[SourceVersionDate "2021.10.06"]
[SourceQuality "1"]

1. e4 d6 2. d4 Nf6 3. Nc3 e5 4. dxe5 dxe5 5. Qxd8+ Kxd8 6. Bg5 Be6 7. 0-0-0+ Nbd7 8. Nf3 h6 9. Bxf6+ gxf6 10. Nd5 Be7 11. Nh4 c6 12. Ne3 Bc5 13. Nhf5 Bxf5 14. Nxf5 Bxf2 15. Bc4 Kc7 16. Bxf7 Raf8 17. Bh5 Bc5 18. Ng7 Be3+ 19. Kb1 Rfg8 20. Ne6+ Kc8 21. Rd3 Nc5 22. Rxe3 Nxe6 23. Bf7 Kd7 24. Bxg8 Rxg8 25. g3 a5 26. c3 a4 27. b4 axb3 28. axb3 Ra8 29. Kb2 Nc5 30. b4 Na4+ 31. Kc2 Ke7 32. Rf1 Nb6 33. Kb3 Nd7 34. Re2 b5 35. Ra2 Rxa2 36. Kxa2 Nb6 37. Kb3 Nc4 38. Rf2 Nd6 39. Re2 h5 40. Kc2 Ke6 41. Kd3 f5 42. exf5+ Nxf5 43. Rf2 Nd6 44. Rf8 e4+ 45. Kd4 Ke7 46. Rh8 1-0

[Event "Seinajoki We SeinSK"]
[Site "Seinajoki"]
[Date "2012.??.??"]
[Round "3"]
[White "Skrjabin, Igor"]
[Black "Vuorisalo, Veli Matti"]
[Result "1/2-1/2"]
[WhiteElo "2053"]
[BlackElo "2145"]
[PlyCount "63"]
[EventDate "2012.??.??"]
[EventType "swiss"]
[EventRounds "5"]
[EventCountry "FIN"]
[SourceTitle "EXT 2022"]
[Source "ChessBase"]
[SourceDate "2021.10.06"]
[SourceVersion "1"]
[SourceVersionDate "2021.10.06"]
[SourceQuality "1"]

1. e4 c5 2. c3 g6 3. Nf3 Bg7 4. d4 cxd4 5. cxd4 d5 6. e5 Nh6 7. h3 0-0 8. Nc3 Nc6 9. Be3 Nf5 10. Bd3 Nxe3 11. fxe3 Nb4 12. Bb1 e6 13. 0-0 f6 14. a3 Nc6 15. exf6 Bxf6 16. Ba2 b6 17. b4 Kg7 18. b5 Ne7 19. e4 dxe4 20. Nxe4 Nf5 21. Nxf6 Rxf6 22. Qd3 Bb7 23. Rad1 Bd5 24. Bxd5 Qxd5 25. Rfe1 Rd8 26. Re5 Qd6 27. Qe4 h6 28. Qc6 Ne7 29. Qxd6 Rxd6 30. Rc1 Rd7 31. Re2 Nf5 32. Rec2 1/2-1/2

[Event "FIN-ch op"]
[Site "Mantta"]
[Date "2011.07.28"]
[Round "5"]
[White "Skrjabin, Igor"]
[Black "Haapasalo, Jukka Pekka"]
[Result "1/2-1/2"]
[WhiteElo "2065"]
[BlackElo "2086"]
[PlyCount "71"]
[EventDate "2011.07.25"]
[EventType "swiss"]
[EventRounds "9"]
[EventCountry "FIN"]
[SourceTitle "EXT 2022"]
[Source "ChessBase"]
[SourceDate "2021.10.06"]
[SourceVersion "1"]
[SourceVersionDate "2021.10.06"]
[SourceQuality "1"]

1. e4 c5 2. c3 Nf6 3. e5 Nd5 4. d4 cxd4 5. Bc4 Qc7 6. Qe2 Nb6 7. Bb3 d3 8. Qxd3 Qxe5+ 9. Be3 d5 10. Nf3 Qf5 11. Qe2 Nc6 12. Na3 Nc4 13. Nxc4 dxc4 14. Bxc4 Be6 15. Bd3 Qh5 16. Be4 g6 17. Bxc6+ bxc6 18. Bd4 Rg8 19. Qa6 Bd5 20. 0-0-0 Bh6+ 21. Kb1 f6 22. Rhe1 Qf5+ 23. Ka1 Rd8 24. Bc5 e5 25. Qxa7 Rd7 26. Qb6 Kf7 27. Ba3 Ra8 28. c4 Bxf3 29. gxf3 Rxa3 30. Rxd7+ Qxd7 31. bxa3 Bd2 32. Rg1 Bc3+ 33. Kb1 Qd3+ 34. Kc1 Bd2+ 35. Kb2 Bc3+ 36. Kc1 1/2-1/2